Kadra Polski na Euro 2016 - Statystyki

Ogólne statystyki
  • Ten quiz został rozwiązany 2 049 razy
  • Średni wynik to 16 z 23
Statystyki odpowiedzi
Pozycja Imię i nazwisko % Poprawnych
Napastnik Robert Lewandowski
99%
Bramkarz Wojciech Szczęsny
99%
Bramkarz Łukasz Fabiański
98%
Napastnik Arkadiusz Milik
96%
Obrońca Kamil Glik
94%
Obrońca Michał Pazdan
94%
Pomocnik Jakub Błaszczykowski
92%
Pomocnik Kamil Grosicki
87%
Obrońca Łukasz Piszczek
87%
Pomocnik Grzegorz Krychowiak
86%
Pomocnik Piotr Zieliński
79%
Obrońca Artur Jędrzejczyk
77%
Bramkarz Artur Boruc
76%
Pomocnik Krzysztof Mączyński
66%
Pomocnik Bartosz Kapustka
64%
Obrońca Thiago Cionek
53%
Pomocnik Sławomir Peszko
49%
Pomocnik Karol Linetty
48%
Obrońca Jakub Wawrzyniak
43%
Pomocnik Tomasz Jodłowiec
43%
Napastnik Mariusz Stępiński
35%
Obrońca Bartosz Salamon
26%
Pomocnik Filip Starzyński
21%
Nie znaleziono quizów pasujących do podanych kryteriów
Rozkład punktacji
Procent ludzi z każdym wynikiem
Percentyl według liczby udzielonych odpowiedzi
Twoja historia wyników
Nie rozwiązałeś tego quizu